Quizzes
Events
Quiz Creation
Community
Videos
Private Events
Remove Ads
Sign In
Join for FREE
Feedback
Dark Mode
Quiz Categories
Sports
Geography
Music
Movies
Television
Just For Fun
Miscellaneous
History
Literature
Language
Science
Gaming
Entertainment
Religion
Holiday
For Kids
Quiz Lab
Recent
Popular Today
Quiz Kudos Today
Editor Picks
Curator Picks
Quizzes by...
Day
Popularity
Type
Ratings
Length
Year
Community
Subscriptions
Recent Discussions
Orange Saloon
Badges
Playlists
Quests
Create
Leaderboards
Showdown
Live 5
Trivia Bingo
Activity
Puzzle Library
Sporcle Events
Private Events
Virtual Trivia
Globe League
Become a Host
Pub Owners
SporcleCon
Opinionation
Our Games
Videos
Blog
Mobile Apps
Partnerships
Remove Ads and Go Orange
Feedback
Sports
Athletes
MLB
NBA
NHL
NFL
Soccer
Sports Teams
WWE
NCAA
Football
Premier League
Basketball
Baseball
Hockey
Golf
Tennis
Cricket
Rugby
Auto Racing
Olympics
World Cup
Sports
Athletes
MLB
NBA
NHL
NFL
Soccer
Sports Teams
WWE
NCAA
Football
Premier League
Basketball
Baseball
Hockey
Golf
Tennis
Cricket
Rugby
Auto Racing
Olympics
World Cup
Random Quiz
Search Sporcle
×
Quiz Lab
Quiz Lab
Sports
Football
Type in answers that appear in a list
Type in answers that appear in a list
Classic
Best Score? Go Orange.
Clare Soccer League Clubs Stats
Can you name the Clare District Soccer League Clubs ?
By
waynecomerford
10m
33 Questions
30 Plays
30 Plays
30 Plays
Comments
Comments
Give Quiz Kudos
Give Quiz Kudos
-
- Ratings
hide this ad
Random Order
Randomize order of answers
Randomize order of answers
Replay
Link that replays current quiz
Next Quiz
Link to next quiz in quiz playlist
You Got
0%
They Got
Avg Score
52%
Avg Friend Score
Upgrade to see
Score Distribution
Jump to the score distribution portion of the page
Score
0/33
Timer
10:00
0
Plays Today
Club
% Correct
Avenue United
93.3%
Ennis Town
83.3%
Lifford FC
83.3%
Newmarket Celtic
83.3%
Corofin Harps
76.7%
Moher Celtic
70%
Bridge United
66.7%
Tulla United
66.7%
Connolly Celtic
63.3%
Hermitage
63.3%
Burren United
60%
Shannon Olympic
60%
St Pats
60%
Coole FC
56.7%
Bunratty FC
53.3%
Sporting Ennistymon
50%
Rhine Rovers
50%
Club
% Correct
Rock Rovers
50%
Bridge Celtic
46.7%
Inch Crusaders
46.7%
Manus Celtic
46.7%
Mountshannon Celtic
46.7%
Turnpike Rovers
46.7%
Kildysart Celtic
43.3%
Kilkishen Celtic
43.3%
West Clare United
43.3%
Kilmaley Fern Celtic
40%
Kilrush Rangers
36.7%
Rineanna Rovers
36.7%
Ruan United
30%
Treaty Celtic
26.7%
Cooraclare Celtic
13.3%
Cratloe Forest
10%
Quiz Playlist
Details
Report
Send in Message
Add To Playlist
Classic:
Type in answers that appear in a list
Random Order:
Randomize order of answers
Quiz Source
Last Updated: Feb 16, 2017
Quiz Scoreboard
CHALLENGE
Sign Up to Join the Scoreboard
Show All
Scores
Hide
Comments
May contain spoilers
Recently Published
Alphabetical 'K' Countries by Flag Minefield
by ylime102
Geography
3m
Pick 6: Fruits
by JohnFran
Miscellaneous
15s
Click the 1999 NBA Draft
by nibperrychub
Sports
2m
More to Explore
Quiz From the Vault
Featured Blog Post
15 Basketball Trivia Facts You Can Be March Mad About
hide this ad
You Might Also Like...
Tags
Football Quiz
Soccer Quiz
Ireland
Ireland Clubs
Ireland Soccer
local
Today's Top Quizzes in Sports
Browse Sports
hide this ad
Today's Top Quizzes in Football
Browse Football
Top Contributed Quizzes in Sports
1
Pick 6: NFL Teams
2
MLB 2 truths and a lie: Hall of Fame pitchers
3
Les joueurs à 100 buts en Ligue 1 Uber Eats
4
Don't Strike Out: 3000 Strikeouts
5
Criteria MLB: Left Handed Sluggers
6
Pick 6: Minor League Baseball
7
2022 World Cup Stars
8
Click the 1998 NBA Draft
9
Millionaire: NBA Finals Edition
10
MLB Players with Two .350 Batting Average Seasons
Explore More
Trending Topics
Marvel
Kpop
Anime
Harry Potter
Disney
NBA
Crossword
Puzzle
Country
WWE
The Office
NFL
Pokémon
Soccer
Song
hide this ad
More By:
waynecomerford
Quiz
Plays
Rating
Category
Featured
Created
Top 30 Largest Stadiums in English Football
561
3.33
Sports
May 4, 2011
Premier League Managers of the Month by Nationality
397
4.33
Sports
May 3, 2011
Players with Champions League Medal
347
3.75
Sports
May 27, 2011
Current Premiership Teams Highest League Scorers
315
4.75
Sports
May 4, 2011
100 + Champions League Appearences
275
2.13
Sports
May 3, 2011
Go to Creator's Profile
Score Distribution
Quiz Creator Spotlight
waynecomerford
Follow
Send a Message
Quizzes Created
-
Created Quiz Play Count
-
More By This Creator
Popular Quizzes Today
1
Find the US States - No Outlines Minefield
2
Countries of Asia Without Outlines Minefield
3
Pick 6: Fruits
4
Alphabetical 'K' Countries by Flag Minefield
5
The Countries of the World
6
Find the US States
7
Match the Book to the Film X
8
Click the 1999 NBA Draft
More Sports Quizzes
Liverpool 2019-20 Champions League Starting XIs
Quiz Lab
Trending Quizzes
Pick 6: Harry Potter
Pick 6: Mountains
Pick 6: NFL Teams
Pick 6: Movie Franchises
Pick 6: Golfers
Recently Updated
NWSL Teams
pecheneg
Women's Final Four Teams by Year
bhenderson79
Presidents Quartet II
eogle
Anything But Clue(do)
eogle
Anything But Oceanian Capitals
eogle
Anything But 7
eogle
Anything But Thing
eogle
Word Ladder: February 29
pecheneg
Song Title Questions
pecheneg
Women's NCAA Tournament #1 Seeds
pecheneg
Trending Topics
Marvel
Crossword
Kpop
Disney
Harry Potter
Anime
NBA
Puzzle
The Office
Song
WWE
NFL
Pokémon
Country
Soccer
Your Account Isn't Verified!
In order to create a playlist on Sporcle, you need to verify the email address you used during registration. Go to your
Sporcle Settings
to finish the process.
Report this User
Report this user for behavior that violates our
Community Guidelines
.
Details:
Send Report
Go to the Sporcle.com Mobile Site →
Comments